00816nam a2200217 a 450000100100000000500170001000800410002702000180006804000250008608200130011124501010012426000510022530000210027649000120029750000730030950400340038270000350041683000190045195201110047099900170058100004294520201002040522.0140213s2013 ht 000 0 spa d a9789997000170 aDO-SdBNPbspacBNPHU axxxbxxx00aHaití y República Dominicana :bmiradas desde el siglo XXI /ccoordinado por André Corten. aPétion-Ville, Haití :bC3 Editions,c2013. a219 p. ;c22 cm.1 aBohío aIncluye referencias bibliográficas y notas al pie de las páginas aBibliografía : p. [179]-18612aCorten, Andréecoord.912665 0aBohío970437 001050718MOaPDbPDcCTd2014-02-13iLF1l0oxxx xxxp42945-10r2020-06-25w2020-06-25y1ZNo se presta c42434d42434